| 000 -LEADER |
| fixed length control field |
02800cam a22003974a 4500 |
| 001 - CONTROL NUMBER |
| control field |
14301095 |
| 003 - CONTROL NUMBER IDENTIFIER |
| control field |
OSt |
| 005 - DATE AND TIME OF LATEST TRANSACTION |
| control field |
20180116192406.0 |
| 008 - FIXED-LENGTH DATA ELEMENTS--GENERAL INFORMATION |
| fixed length control field |
060315s2006 mnua b s000 0 eng |
| 010 ## - LIBRARY OF CONGRESS CONTROL NUMBER |
| LC control number |
2006008722 |
| 020 ## - INTERNATIONAL STANDARD BOOK NUMBER |
| International Standard Book Number |
0816647569 (hc : alk. paper) |
| 020 ## - INTERNATIONAL STANDARD BOOK NUMBER |
| International Standard Book Number |
9780816647569 (hc : alk. paper) |
| 020 ## - INTERNATIONAL STANDARD BOOK NUMBER |
| International Standard Book Number |
0816647577 (pb : alk. paper) |
| 020 ## - INTERNATIONAL STANDARD BOOK NUMBER |
| International Standard Book Number |
9780816647576 (pb : alk. paper) |
| 035 ## - SYSTEM CONTROL NUMBER |
| System control number |
(OCoLC)ocm65064303 |
| 040 ## - CATALOGING SOURCE |
| Original cataloging agency |
DLC |
| Transcribing agency |
DLC |
| Modifying agency |
BAKER |
| -- |
C#P |
| -- |
YDXCP |
| -- |
OCLCQ |
| -- |
YUS |
| -- |
BTCTA |
| -- |
DLC |
| 042 ## - AUTHENTICATION CODE |
| Authentication code |
pcc |
| 050 00 - LIBRARY OF CONGRESS CALL NUMBER |
| Classification number |
HT166 |
| Item number |
.U7433 2006 |
| 082 00 - DEWEY DECIMAL CLASSIFICATION NUMBER |
| Classification number |
307.1216 |
| Edition number |
22 |
| 245 00 - TITLE STATEMENT |
| Title |
Urban planning today : |
| Remainder of title |
a Harvard design magazine reader / |
| Statement of responsibility, etc. |
introduction by Alexander Garvin ; William S. Saunders, editor. |
| 260 ## - PUBLICATION, DISTRIBUTION, ETC. |
| Place of publication, distribution, etc. |
Minneapolis : |
| Name of publisher, distributor, etc. |
University of Minnesota Press, |
| Date of publication, distribution, etc. |
c2006. |
| 300 ## - PHYSICAL DESCRIPTION |
| Extent |
xx, 151 p. : |
| Other physical details |
ill. ; |
| Dimensions |
23 cm. |
| 440 #0 - SERIES STATEMENT/ADDED ENTRY--TITLE |
| Title |
Harvard design magazine readers ; |
| Volume/sequential designation |
3 |
| 9 (RLIN) |
83 |
| 500 ## - GENERAL NOTE |
| General note |
"These essays were previously published in Harvard Design Magazine, Harvard University Graduate School of Design; Peter G. Rowe, Dean, 1992-2004; Alan Altshuler, Dean, 2005-"--T.p. verso. |
| 504 ## - BIBLIOGRAPHY, ETC. NOTE |
| Bibliography, etc. note |
Includes bibliographical references. |
| 505 0# - FORMATTED CONTENTS NOTE |
| Formatted contents note |
The return of urban renewal: Dan Doctoroff's grand plans for New York City / Susan S. Fainstein -- Deadlock plus 50: on public housing in New York / Richard Plunz and Michael Sheridan -- Democracy takes command: the new community planning and the challenge to urban design / John Kaliski -- Can planning be a means to better architecture? Chicago's building boom and design quality / Lynn Becker -- An anatomy of civic ambition in Vancouver: toward humane density / Leonie Sandercock -- Paved with good intentions: Boston's central artery project and a failure of city building / Hubert Murray -- Public planning and private initiative: the South Boston waterfront / Matthew J. Kiefer -- Omaha by design-all of it: new prospects in urban planning and design / Jonathan Barnett -- Is eminent domain for economic development constitutional? / Jerold S. Kayden -- From new regionalism to the urban network: changing the paradigm of growth / Peter Calthorpe -- Design by deception: the politics of megaproject approval / Bent Flyvbjerg. |
| 650 #0 - SUBJECT ADDED ENTRY--TOPICAL TERM |
| Topical term or geographic name entry element |
City planning. |
| 9 (RLIN) |
84 |
| 650 #0 - SUBJECT ADDED ENTRY--TOPICAL TERM |
| Topical term or geographic name entry element |
City planning |
| Form subdivision |
Case studies. |
| 9 (RLIN) |
85 |
| 700 1# - ADDED ENTRY--PERSONAL NAME |
| Personal name |
Saunders, William S. |
| 9 (RLIN) |
86 |
| 856 41 - ELECTRONIC LOCATION AND ACCESS |
| Materials specified |
Table of contents |
| Uniform Resource Identifier |
<a href="http://www.loc.gov/catdir/toc/ecip0610/2006008722.html">http://www.loc.gov/catdir/toc/ecip0610/2006008722.html</a> |
| 856 42 - ELECTRONIC LOCATION AND ACCESS |
| Materials specified |
Publisher description |
| Uniform Resource Identifier |
<a href="http://www.loc.gov/catdir/enhancements/fy0710/2006008722-d.html">http://www.loc.gov/catdir/enhancements/fy0710/2006008722-d.html</a> |
| 906 ## - LOCAL DATA ELEMENT F, LDF (RLIN) |
| a |
7 |
| b |
cbc |
| c |
orignew |
| d |
1 |
| e |
ecip |
| f |
20 |
| g |
y-gencatlg |
| 942 ## - ADDED ENTRY ELEMENTS (KOHA) |
| Source of classification or shelving scheme |
|
| Koha item type |
Book |